000 00732nam a2200289Ia 4500
005 20260324132814.0
008 008 260324s9999 xx 000 0 eng d
020 _a9780203502853
037 _aEBOOK
040 _aCRL
040 _beng
040 _cCRL
041 _2eng
041 _aeng
084 _qCRL
100 _aDominique Battles
_91145679
245 4 _aThe Medieval Tradition of Thebes
245 0 _bHistory and Narrative in the Roman de Thebes, Boccaccio, Chaucer, and Lydgate
260 _bTaylor and Francis
260 _c2004
365 _a
365 _b230
856 _uhttp://www.taylorfrancis.com/books/9780203502853
942 _cEBOOK
999 _c1789115
_d1789115